LDS (Mormon) Temples by Picture - Statistics

General Stats
  • This quiz has been taken 22 times
  • The average score is 8 of 16
Answer Stats
Picture Answer % Correct
Salt Lake City
100%
Washington D.C.
78%
San Diego
72%
Manti
67%
Logan
61%
St. George
61%
Mexico City
50%
Laie
44%
Los Angeles
44%
Nauvoo
44%
Rome
44%
Seattle
44%
Cardston
33%
Freiberg
33%
Paris
33%
Brasília
22%
No matching quizzes found
Score Distribution
Percent of People with Each Score
Percentile by Number Answered
Your Score History
You have not taken this quiz